[Event "Hamburg-ch Seniors op 16th"]
[Site "Hamburg"]
[Date "2009.11.08"]
[Round "9"]
[White "Weidmann, Peter"]
[Black "Hermann, Armin"]
[Result "1/2-1/2"]
[WhiteElo "1672"]
[BlackElo "1556"]
[PlyCount "86"]
[EventDate "2009.10.31"]
[EventType "swiss"]
[EventRounds "9"]
[EventCountry "GER"]
[SourceTitle "EXT 2022"]
[Source "ChessBase"]
[SourceDate "2021.10.06"]
[SourceVersion "1"]
[SourceVersionDate "2021.10.06"]
[SourceQuality "1"]

1. e4 e5 2. f4 d5 3. exd5 e4 4. d3 Nf6 5. dxe4 Nxe4 6. Qe2 Qe7 7. c4 c6 8. Nc3 Nxc3 9. Qxe7+ Bxe7 10. bxc3 Bc5 11. Nf3 0-0 12. Nd4 Re8+ 13. Kf2 Nd7 14. dxc6 bxc6 15. Bd3 Nf6 16. h3 Ne4+ 17. Bxe4 Rxe4 18. Be3 Ba6 19. Rhe1 Rae8 20. g3 Bxc4 21. Rad1 Bxa2 22. Nf5 Bxe3+ 23. Rxe3 Rxe3 24. Nxe3 Ra8 25. Rd6 Rc8 26. Rd7 Ra8 27. Rc7 a5 28. Rxc6 a4 29. Nc2 Be6 30. Na3 Rb8 31. Ra6 Bd7 32. Ra7 Be8 33. c4 Rb2+ 34. Kg1 Rb3 35. Nb5 Rxg3+ 36. Kh2 Rf3 37. Rxa4 Rxf4 38. Ra8 Re4 39. Nc7 Re7 40. Rc8 f6 41. Nd5 Re5 42. Nc7 Kf7 43. Nd5 Bd7 1/2-1/2

[Event "Hamburg-ch Seniors op 16th"]
[Site "Hamburg"]
[Date "2009.11.04"]
[Round "5"]
[White "Weidmann, Peter"]
[Black "Kock, Rudolf"]
[Result "1/2-1/2"]
[WhiteElo "1672"]
[BlackElo "1366"]
[PlyCount "66"]
[EventDate "2009.10.31"]
[EventType "swiss"]
[EventRounds "9"]
[EventCountry "GER"]
[SourceTitle "EXT 2022"]
[Source "ChessBase"]
[SourceDate "2021.10.06"]
[SourceVersion "1"]
[SourceVersionDate "2021.10.06"]
[SourceQuality "1"]

1. e4 e6 2. d4 d5 3. exd5 Qxd5 4. Nc3 Qd8 5. Nf3 Nf6 6. Bg5 Be7 7. Bc4 Nc6 8. 0-0 0-0 9. a3 a6 10. Re1 Na5 11. Ba2 b5 12. Ne5 Bb7 13. Rc1 Nd5 14. Bxe7 Nxe7 15. Ne2 Bd5 16. c4 bxc4 17. Bxc4 Nxc4 18. Nxc4 Nf5 19. Ne3 Qg5 20. Nxd5 exd5 21. Rxc7 Rfe8 22. Ng3 Rxe1+ 23. Qxe1 Nxd4 24. Re7 Ne6 25. Rb7 Rc8 26. Ne2 Re8 27. Qd1 h6 28. Rb3 d4 29. Rg3 Qa5 30. b4 Qe5 31. h3 h5 32. Rd3 Rd8 33. h4 f6 1/2-1/2